000 00438nam a2200181Ia 4500
005 20240823062501.0
008 240823s9999||||xx |||||||||||||| ||und||
041 _aENGLISH
082 _A621.381 52 N5
100 _a"Shur,Michael"
245 0 _aPhysics of SemiConductor Devices
250 _a1st
260 _c1995
_b"PHI,New Delhi"
500 _aTRANSFERED
650 _aElectronics
_bElectronics
942 _cBK
999 _c235985
_d235985